1993 1079 1390 1724 1796 1733 1977 1177 1945 1796 1059 1880 1712 1090 1691 1247 1395 1540 1129 1208 1837 1851 1105 1872 1136 1708 1240 1136 1117 1525 1626 1491 1100 1806 1295 1155 1955 1945 1033 1111 1483 1365 1406 1676 1729 1332 1975 1375 1854 1304 1194 1280 1465 1210 1041 1668 1140 1248 1535 1071 1125 1618 1227 1174 1173 1229 1939 1518 1735 1903 1049 1301 1603 1738 1473 1402 1213 1698 1012 1521 1351 1554 1260 1694 1801 1772 1165 1040 1622 1908 1588 1693 1329 1241 1263 1527 1512 1904 1154 BCNSPRNW ULIB Ver.6.0+V

เปลี่ยนเป็นภาษาไทย

Change to English
 แสดงรายละเอียดบรรณานุกรม
  กลับหน้าหลัก

Brief Record : Get Marc (ISO 2709) : E-mail record : QR code < ปิดหน้าต่าง
LEADER : 00000nam 2200000uu 4500
001    13399127207
003     ULIB
008    191021s2554||||th 000 0 tha d
020    ^a9786167122281
060  4 ^aWY152^bส117น
100 0  ^aสกล สิงหะ
245 10 ^aนิราศซิดนีย์=^bท่องไปในโลกการดูแลผู้ป่วยระยะสุดท้าย /^cสกล สิงหะ
250    ^aพิมพ์ครั้งแรก
260    ^aกรุงเทพฯ :^bศยาม^c2554
300    ^a359 หน้า
650  7 ^aผู้ป่วยระยะสุดท้าย^vการดูแล
650  7 ^aนิราศซิดนีย์
945    ^p250^l0^i006371
999    ^aประนอม เกษจรัล
รายการนี้ยังไม่มีแท็ก
คุณยังไม่ได้ล็อกอิน คุณสามารถมีกิจกรรมร่วมกับเว็บไซต์ได้ แต่ต้องล็อกอินก่อน ::
  ล็อกอิน

รายการสื่อสารสนเทศ

ลำดับที่ ประเภท เลขเรียก/บาร์โค้ด สถานที่ สถานะ
1. Book การพยาบาล
Book การพยาบาล
WY152 ส117น ฉ.1 
  Barcode: 006371
ห้องสมุดวิทยาเขตสวรรค์ประชารักษ์
►ส่วนจัดเก็บหนังสือเก่า สปร
บนชั้น
  ขอยืม

รายการใกล้เคียง
    ผู้แต่ง [สกล สิงหะ]

BibComment


ยังไม่เคยถูกคอมเมนท์

คอมเมนท์ทรัพยากรรายการนี้
  คอมเมนท์: นิราศซิดนีย์ ท่อ..


 Copyright 2026. Bcnsprnw @Library